Learning Resource and Development

The collected poems of Theodore Roethke. (Record no. 23256)

MARC details
000 -LEADER
fixed length control field 01248cam a2200361 i 4500
001 - CONTROL NUMBER
control field collectedpoemsof00roet
003 - CONTROL NUMBER IDENTIFIER
control field CaSfIA
005 - DATE AND TIME OF LATEST TRANSACTION
control field 20230525155201.0
007 - PHYSICAL DESCRIPTION FIXED FIELD--GENERAL INFORMATION
fixed length control field cr||||
008 - FIXED-LENGTH DATA ELEMENTS--GENERAL INFORMATION
fixed length control field 741226r19751966nyu 001 0 eng
010 ## - LIBRARY OF CONGRESS CONTROL NUMBER
LC control number 74195126
040 ## - CATALOGING SOURCE
Original cataloging agency DLC
Transcribing agency DLC
Modifying agency BAKER
-- YDXCP
-- OCLCG
-- SMU
-- DOV
-- CaSfIA
020 ## - INTERNATIONAL STANDARD BOOK NUMBER
International Standard Book Number 0385086016 :
Terms of availability $3.95
020 ## - INTERNATIONAL STANDARD BOOK NUMBER
International Standard Book Number 9780385086011
020 ## - INTERNATIONAL STANDARD BOOK NUMBER
International Standard Book Number 9781439510049 (Paw Prints)
020 ## - INTERNATIONAL STANDARD BOOK NUMBER
International Standard Book Number 1439510040 (Paw Prints)
035 ## - SYSTEM CONTROL NUMBER
System control number (OCoLC)1194608
050 00 - LIBRARY OF CONGRESS CALL NUMBER
Classification number PS3535
Item number .O39 1975
082 00 - DEWEY DECIMAL CLASSIFICATION NUMBER
Classification number 811/.5/4
029 1# - OTHER SYSTEM CONTROL NUMBER (OCLC)
OCLC library identifier YDXCP
System control number 309419
029 1# - OTHER SYSTEM CONTROL NUMBER (OCLC)
OCLC library identifier NZ1
System control number 4348779
029 1# - OTHER SYSTEM CONTROL NUMBER (OCLC)
OCLC library identifier AU@
System control number 000000735647
100 1# - MAIN ENTRY--PERSONAL NAME
Personal name Roethke, Theodore,
Dates associated with a name 1908-1963.
240 10 - UNIFORM TITLE
Uniform title Poems
245 14 - TITLE STATEMENT
Title The collected poems of Theodore Roethke.
Medium [electronic resource]
260 ## - PUBLICATION, DISTRIBUTION, ETC.
Place of publication, distribution, etc. Garden City, N.Y. :
Name of publisher, distributor, etc. Anchor Press,
Date of publication, distribution, etc. 1975, c1966.
300 ## - PHYSICAL DESCRIPTION
Extent xiii, 272 p. ;
Dimensions 21 cm.
500 ## - GENERAL NOTE
General note Reprint of the ed. published by Doubleday, Garden City, New York.
500 ## - GENERAL NOTE
General note Includes index.
650 #0 - SUBJECT ADDED ENTRY--TOPICAL TERM
Topical term or geographic name entry element Poetry.
856 41 - ELECTRONIC LOCATION AND ACCESS
Uniform Resource Identifier <a href="http://www.archive.org/details/collectedpoemsof00roet">http://www.archive.org/details/collectedpoemsof00roet</a>
Public note Free eBook from the Internet Archive
856 42 - ELECTRONIC LOCATION AND ACCESS
Uniform Resource Identifier <a href="http://www.openlibrary.org/books/OL23240049M">http://www.openlibrary.org/books/OL23240049M</a>
Public note Additional information and access via Open Library
Holdings
Withdrawn status Lost status Damaged status Not for loan Collection Home library Current library Date acquired Total Checkouts Full call number Date last seen Price effective from Koha item type
        Project Gutenberg Main Library Main Library 05/25/2023   PS3535 .O39 1975 05/25/2023 05/25/2023 EBooks